Novísima geografía universal : (Record no. 6945)

000 -CABECERA
fixed length control field 00796nam a22002177a 4500
003 - IDENTIFICADOR DEL NÚMERO DE CONTROL
control field AR-CdUCM
008 - DATOS DE LONGITUD FIJA--INFORMACIÓN GENERAL
fixed length control field 190319b ||||| |||| 00| 0 spa d
040 ## - FUENTE DE LA CATALOGACIÓN
Agencia/entidad que catalogó originalmente la obra MUNICIPALIDAD PROVINCIAL DEL CUSCO
Entidad que transcribió la catalogación BIBLIOTECA MUNICIPAL DEL CUSCO
082 ## - NÚMERO DE LA CLASIFICACIÓN DECIMAL DEWEY
No. de Clasificación 910 /
Notacion interna R33
100 ## - ENTRADA PRINCIPAL--NOMBRE DE PERSONA
Nombre Personal Reclus, Onésime
245 ## - MENCIÓN DE TÍTULO
Título Novísima geografía universal :
Resto del título Europa /
260 ## - PUBLICACIÓN, DISTRIBUCIÓN, ETC.
Lugar de publicación, distribución, etc. Valencia :
Nombre de la editorial, distribuidor, etc. Prometeo,
300 ## - DESCRIPCIÓN FÍSICA
Nº de Páginas Extensión 6 tomos
Otros detalles físicos ilustraciones, mapas,
Dimensiones 22 cm
505 ## - NOTA DE CONTENIDO CON FORMATO
Nota de contenido formateada Contenido: t. 1 Europa -- t. 2 Asia -- t. 3 Africa -- t. 4 América del Norte -- t. 5 América Central y del Sur -- t. 6 América del Sur y Oceanía.
650 ## - PUNTO DE ACCESO ADICIONAL DE MATERIA--TÉRMINO DE MATERIA
Descriptor Geografía
9 (RLIN) 318
700 ## - PUNTO DE ACCESO ADICIONAL--NOMBRE DE PERSONA
Nombre Personal Reclus, Élisée
9 (RLIN) 19575
700 ## - PUNTO DE ACCESO ADICIONAL--NOMBRE DE PERSONA
Nombre Personal Blasco Ibáñez, Vicente (Traductor)
9 (RLIN) 19576
942 ## - ELEMENTOS DE PUNTO DE ACCESO ADICIONAL (KOHA)
Fuente de clasificación
Tipo de item Libros-BMC
945 ## - PROCESAMIENTO DE INFORMACIÓN LOCAL (OCLC)
Catalogador raen
Holdings
Estado de retiro (separado) Fuente de clasificación o esquema de estanterías Estado dañado Ubicación Sala donde se ubica Nombre de la colección Fecha de adquisición o compra Costo, precio normal en soles Signatura topográfica Código de Barras Última vez visto (Koha) Tipo de ítem (Koha)
No     Sala Humanidades Sala Humanidades Book Cart 2019-03-19 50.00 910 / R33 SH0000008170 2019-03-19 Libros-BMC

Powered by Koha